[Event "Superettan(Kungstornet-Rockaden, Umea)"]
[Site "?"]
[Date "2020.02.01"]
[Round "5"]
[White "Eriksson, Jorgen"]
[Black "Glimbrant, Torbjorn"]
[Result "1-0"]
[WhiteElo "2185"]
[BlackElo "2242"]
[PlyCount "105"]
[EventDate "2020.??.??"]
1. d4 e6 2. Nf3 c5 3. c4 d5 4. cxd5 exd5 5. g3 Nc6 6. Bg2 Nf6 7. O-O Be7 8. b3
O-O 9. dxc5 Bxc5 10. Ba3 Bxa3 11. Nxa3 Qa5 12. Nc2 Re8 13. Ncd4 Bg4 14. h3 Bd7
15. a3 Rac8 16. b4 Qb6 17. e3 a5 18. Qb3 Nxd4 19. Nxd4 a4 20. Qb2 Ne4 21. Rac1
h5 22. Rxc8 Rxc8 23. Rc1 Rc7 24. h4 Nf6 25. Rxc7 Qxc7 26. Qc2 Qd6 27. Qc3 Kf8
28. Ne2 Ke7 29. Nf4 Kd8 30. Qd4 Qc6 31. Qd2 Be6 32. e4 Bd7 33. Nxd5 Nxd5 34.
exd5 Qf6 35. Qe3 Bg4 36. d6 Kd7 37. Bxb7 Qxd6 38. Bf3 Bxf3 39. Qxf3 Qg6 40.
Qb7+ Kd8 41. Qa8+ Kc7 42. Qxa4 Qb1+ 43. Kh2 Qa2 44. Qa7+ Kd6 45. a4 f6 46. Qd4+
Ke6 47. b5 g5 48. b6 gxh4 49. gxh4 Qb1 50. a5 Qb5 51. b7 Kf7 52. a6 f5 53. Qf4
1-0

[Event "Superettan(Kristallen-Rockaden,SthlmII)"]
[Site "?"]
[Date "2020.02.01"]
[Round "5"]
[White "Tuomainen, Felix"]
[Black "Persson, Andreas"]
[Result "1-0"]
[WhiteElo "2208"]
[BlackElo "2129"]
[PlyCount "69"]
1. d4 Nf6 2. c4 e6 3. Nc3 Bb4 4. Qc2 O-O 5. Bg5 c5 6. Nf3 d5 7. e3 cxd4 8. exd4
Nc6 9. a3 Be7 10. Rd1 b6 11. Bd3 dxc4 12. Bxc4 Bb7 13. O-O Qc7 14. Qe2 Ng4 15.
Nb5 Qb8 16. Bxe7 Nxe7 17. Ne5 Nxe5 18. dxe5 Ng6 19. f4 Qc8 20. Nd6 Qc7 21. Rc1
Qe7 22. Bd3 Rad8 23. Be4 Bxe4 24. Qxe4 Rd7 25. b4 Rc7 26. b5 Rxc1 27. Rxc1 Qh4
28. g3 Qg4 29. Kg2 Nh4+ 30. Kf2 Nf5 31. Qf3 Qh3 32. Kg1 h5 33. Ne4 Nd4 34. Qd3
Rd8 35. Qxd4 1-0

[Event "Superettan(Kamraterna-Team Pelaro)"]
[Site "?"]
[Date "2020.01.31"]
[Round "4"]
[White "Mohammadi, Amir"]
[Black "Agrest, Inna"]
[Result "0-1"]
[WhiteElo "2294"]
[BlackElo "2290"]
[PlyCount "96"]
1. e4 e5 2. Nc3 Nc6 3. g3 Nf6 4. Bg2 Bc5 5. d3 a5 6. Be3 d6 7. h3 a4 8. a3 Bd7
9. Nf3 Nd4 10. Bxd4 Bxd4 11. Nxd4 exd4 12. Ne2 c5 13. O-O O-O 14. f4 Bc6 15. g4
Qb6 16. Rb1 c4 17. Kh2 Rfe8 18. Rf3 cxd3 19. cxd3 Nxe4 20. dxe4 Bxe4 21. Rd3
Bxd3 22. Qxd3 Re3 23. Qxd4 Qxd4 24. Nxd4 Rd3 25. Nb5 Ra5 26. Nc3 Rd2 27. Kg3 d5
28. Rc1 g6 29. g5 Kf8 30. Bf3 Rc5 31. Re1 b5 32. Re5 Rxb2 33. Nxd5 Rb3 34. Kg4
Rxa3 35. Re1 Rd3 36. Nf6 Rd8 37. Nxh7+ Kg7 38. Nf6 a3 39. h4 b4 40. h5 gxh5+
41. Nxh5+ Kf8 42. f5 Rd4+ 43. Be4 a2 44. Nf6 Ra5 45. Rc1 a1=Q 46. Rc8+ Ke7 47.
Re8+ Kd6 48. Rd8+ Kc7 0-1

[Event "Superettan(Kamraterna-Team Pelaro)"]
[Site "?"]
[Date "2020.01.31"]
[Round "4"]
[White "Rasti, Arvin"]
[Black "Andersson, Michael"]
[Result "1-0"]
[WhiteElo "2164"]
[BlackElo "2155"]
[PlyCount "85"]
1. d4 g6 2. e4 Bg7 3. Nf3 d6 4. Bc4 Nf6 5. Qe2 O-O 6. O-O Bg4 7. Rd1 c6 8. Bb3
d5 9. e5 Nfd7 10. Be3 e6 11. Nbd2 c5 12. c3 cxd4 13. cxd4 Nc6 14. h3 Bxf3 15.
Nxf3 Nb6 16. Bd2 f6 17. Bf4 fxe5 18. Bxe5 Nxe5 19. Nxe5 Qd6 20. Nf3 Rae8 21.
Rac1 a6 22. Rc3 Bh6 23. Re1 Re7 24. Bc2 Nd7 25. h4 Rfe8 26. Ne5 Nxe5 27. dxe5
Qb4 28. h5 g5 29. Rg3 Rf8 30. Bb1 Ref7 31. Rf1 Qe7 32. Rc1 Kh8 33. Rcc3 Rf4 34.
Qc2 R8f7 35. Rc8+ Bf8 36. h6 Rh4 37. Rgc3 Rxh6 38. R3c7 Qb4 39. Rxf8+ Rxf8 40.
Rxh7+ Kg8 41. Rxh6 Qe1+ 42. Kh2 Qxe5+ 43. g3 1-0

[Event "Superettan(Kamraterna-Team Pelaro)"]
[Site "?"]
[Date "2020.01.31"]
[Round "4"]
[White "Madebrink, Lars"]
[Black "Wengholm, Anders"]
[Result "1-0"]
[WhiteElo "2111"]
[BlackElo "2206"]
[PlyCount "59"]
1. Nf3 Nf6 2. c4 c5 3. Nc3 g6 4. d4 Bg7 5. e4 cxd4 6. Nxd4 d6 7. Be2 Nc6 8. Nc2
O-O 9. O-O Bd7 10. Be3 Qa5 11. Rb1 Rfc8 12. Bd2 Qd8 13. Ne3 a6 14. f3 Nd4 15.
Bd3 e6 16. Kh1 Nh5 17. Ng4 Qe7 18. Qe1 Kh8 19. e5 dxe5 20. Nxe5 Be8 21. g4 Rc5
22. Nd5 Qd8 23. Bc3 Rxd5 24. cxd5 Qxd5 25. gxh5 Qxe5 26. hxg6 hxg6 27. Be4 Bc6
28. Rd1 Bxe4 29. fxe4 Qc5 30. Rxf7 1-0

[Event "Superettan(Orgryte-Schack 08)"]
[Site "?"]
[Date "2020.01.31"]
[Round "4"]
[White "Laveryd, Peter"]
[Black "Le, Quang Long"]
[Result "0-1"]
[WhiteElo "2362"]
[BlackElo "2418"]
[PlyCount "84"]
[EventDate "2020.??.??"]
[SourceDate "2020.02.17"]
1. e4 c6 2. Nc3 d5 3. Qe2 d4 4. Nd1 e5 5. g3 h5 6. Nf3 Bd6 7. d3 Ne7 8. Bg2 Ng6
9. O-O h4 10. c3 c5 11. b4 Nc6 12. b5 Na5 13. cxd4 cxd4 14. Nd2 Be6 15. Nb2 Rc8
16. Qd1 Qd7 17. Qa4 b6 18. Nb3 Bh3 19. Bf3 hxg3 20. hxg3 Bxf1 21. Kxf1 Nxb3 22.
Qxb3 Rc3 23. Qa4 Ba3 24. Qd1 Qh3+ 25. Bg2 Qh5 26. Bf3 Qh2 27. Rb1 O-O 28. Bd2
Bc5 29. Bxc3 dxc3 30. d4 Bxd4 31. Nd3 Rc8 32. Rc1 Qh3+ 33. Bg2 Qd7 34. Qb3 Nf8
35. Kg1 Qg4 36. Kf1 Ne6 37. Qd5 Rd8 38. Qc4 Ng5 39. Qc7 Re8 40. Qc6 Re6 41.
Qa8+ Kh7 42. Qxa7 Rf6 0-1

[Event "Superettan(Orgryte-Schack 08)"]
[Site "?"]
[Date "2020.01.31"]
[Round "4"]
[White "Frisk Kockum, Anton"]
[Black "Nyander, Joakim"]
[Result "1-0"]
[WhiteElo "2357"]
[BlackElo "2232"]
[PlyCount "79"]
[EventDate "2020.??.??"]
1. Nf3 c5 2. b3 Nf6 3. Bb2 e6 4. c4 Be7 5. g3 b6 6. Bg2 Bb7 7. O-O d6 8. Nc3
O-O 9. e3 Nbd7 10. Qe2 a6 11. d4 Rb8 12. Rad1 cxd4 13. exd4 b5 14. d5 e5 15.
Nd2 b4 16. Na4 Nb6 17. Nxb6 Qxb6 18. Kh1 Rbe8 19. f4 Bc8 20. fxe5 dxe5 21. h3
Nd7 22. g4 h5 23. g5 Bxg5 24. Qxh5 Bf4 25. Ne4 Nf6 26. Nxf6+ Qxf6 27. c5 g6 28.
Qf3 Qh4 29. d6 Bf5 30. d7 Rd8 31. c6 g5 32. Qf2 Qh6 33. Bxe5 Bxh3 34. Bxf4
Bxg2+ 35. Kxg2 Qxc6+ 36. Qf3 Qxf3+ 37. Kxf3 gxf4 38. Rg1+ Kh8 39. Rg2 Rg8 40.
Rh1# 1-0

[Event "Superettan(Orgryte-Schack 08)"]
[Site "?"]
[Date "2020.01.31"]
[Round "4"]
[White "Ottenklev, Niclas"]
[Black "Olsson, William"]
[Result "0-1"]
[WhiteElo "2192"]
[BlackElo "2284"]
[PlyCount "81"]
[EventDate "2020.??.??"]
1. e4 c5 2. Nf3 d6 3. d4 cxd4 4. Qxd4 Bd7 5. c4 Nc6 6. Qd2 g6 7. b3 Nf6 8. Nc3
Bg7 9. Bb2 O-O 10. h3 Be6 11. Bd3 Nd7 12. O-O Nde5 13. Nxe5 dxe5 14. Rfd1 Qb8
15. Qe3 Rd8 16. Nd5 Rd7 17. Rac1 Qf8 18. Rb1 f6 19. Bc3 Bf7 20. Qe1 Rad8 21.
Bf1 Kh8 22. b4 Nd4 23. b5 f5 24. f3 Be6 25. b6 a6 26. Bxd4 exd4 27. Nc7 Bg8 28.
Bd3 fxe4 29. Qxe4 Rb8 30. c5 Bxa2 31. Rb2 Bf7 32. c6 bxc6 33. Nxa6 Bd5 34. Nxb8
Qxb8 35. Qe2 Rb7 36. Rdb1 Qf4 37. Re1 e6 38. Ba6 Rb8 39. b7 d3 40. Bxd3 Qd4+
41. Kh1 0-1

[Event "Superettan(Orgryte-Schack 08)"]
[Site "?"]
[Date "2020.01.31"]
[Round "4"]
[White "Ziegler, Ari"]
[Black "Sternlund, Hakan"]
[Result "1-0"]
[WhiteElo "2305"]
[BlackElo "2104"]
[PlyCount "89"]
[EventDate "2020.??.??"]
1. e4 d6 2. d4 Nf6 3. Nc3 c6 4. f4 Qa5 5. Bd2 e5 6. dxe5 dxe5 7. Nf3 exf4 8.
Bc4 Qc5 9. Qe2 b5 10. e5 Qxc4 11. Qxc4 bxc4 12. exf6 gxf6 13. O-O-O Bd6 14. Ne4
Be7 15. Bxf4 Be6 16. Nd6+ Bxd6 17. Bxd6 Nd7 18. Nd4 Bd5 19. Rhe1+ Kd8 20. g3
Re8 21. b3 Rc8 22. Rxe8+ Kxe8 23. Re1+ Ne5 24. Bxe5 fxe5 25. Rxe5+ Kf8 26. Kd2
cxb3 27. axb3 Rd8 28. Kc3 Rd6 29. Kb4 Rh6 30. c4 Bg2 31. Re2 Bh3 32. Ra2 a6 33.
Kc5 Bd7 34. Rxa6 Rxh2 35. Nxc6 Rh3 36. b4 Rxg3 37. b5 Rg6 38. Ne5 Rg5 39. Kd4
Be8 40. Ra8 f6 41. Nd7+ Kf7 42. Nxf6 Bxb5 43. Ne4 Rh5 44. cxb5 Rxb5 45. Nd6+
1-0

[Event "Superettan(Orgryte-Schack 08)"]
[Site "?"]
[Date "2020.01.31"]
[Round "4"]
[White "Bjorkeroth, Johan"]
[Black "Torngren, Gustav"]
[Result "1-0"]
[WhiteElo "2149"]
[BlackElo "2277"]
[PlyCount "65"]
[EventDate "2020.??.??"]
1. e4 e6 2. d4 d5 3. Nd2 Nc6 4. Ngf3 Nf6 5. e5 Nd7 6. Nb3 a5 7. a4 Be7 8. Bb5
Na7 9. Be2 b6 10. h4 c5 11. c3 Nc6 12. Rh3 Qc7 13. Bb5 Bb7 14. Ng5 c4 15. Nd2
Bxg5 16. hxg5 O-O-O 17. Bxc6 Bxc6 18. Qc2 f6 19. exf6 gxf6 20. Nf3 e5 21. gxf6
exd4 22. Nxd4 Qe5+ 23. Be3 Bb7 24. f7 Qg7 25. Qf5 Qxg2 26. O-O-O Kb8 27. Rg3
Qh2 28. Rg8 Ka8 29. Rxh8 Rxh8 30. Qxd7 Rc8 31. Nb5 Qb8 32. Nc7+ Rxc7 33. Qxc7
1-0

[Event "Superettan(Orgryte-Schack 08)"]
[Site "?"]
[Date "2020.01.31"]
[Round "4"]
[White "Kumar, Rahul"]
[Black "Wikstrom, Per"]
[Result "1-0"]
[WhiteElo "2151"]
[BlackElo "2161"]
[PlyCount "95"]
[EventDate "2020.??.??"]
1. e4 e6 2. Nf3 d5 3. Nc3 Nf6 4. e5 Nfd7 5. d4 c5 6. dxc5 Nc6 7. Bf4 a6 8. Bd3
Nxc5 9. O-O Be7 10. a3 g5 11. Bc1 Bd7 12. Re1 g4 13. Nd2 Qc7 14. Bf1 O-O-O 15.
b4 Ne4 16. Ncxe4 dxe4 17. Rxe4 Nxe5 18. Bb2 f6 19. a4 Bc6 20. Bxe5 fxe5 21.
Rxg4 e4 22. c3 Qe5 23. b5 Qxc3 24. bxc6 Rxd2 25. Qb1 Qxc6 26. Qxe4 Qxe4 27.
Rxe4 Kd7 28. Rb1 Bc5 29. Rxb7+ Kc6 30. Rf7 Kd6 31. g3 a5 32. Bb5 Rd8 33. Rh4
Bd4 34. Rhxh7 Kc5 35. Rh4 e5 36. Re4 Rb2 37. Re2 Rxb5 38. Rc2+ Kb4 39. axb5 a4
40. b6 a3 41. b7 Rb8 42. Kg2 Kb3 43. Rc8 Ba7 44. Rf3+ Kb2 45. Rxa3 Kxa3 46.
Rxb8 Bxb8 47. Kf3 Kb4 48. Ke4 1-0

[Event "Superettan(Orgryte-Schack 08)"]
[Site "?"]
[Date "2020.01.31"]
[Round "4"]
[White "Stenman, Christoffer"]
[Black "Arnelind, Mikael"]
[Result "0-1"]
[WhiteElo "1936"]
[BlackElo "2209"]
[PlyCount "88"]
[EventDate "2020.??.??"]
1. e4 e6 2. Nf3 d5 3. e5 c5 4. b4 cxb4 5. a3 bxa3 6. Nxa3 Nc6 7. d4 f5 8. c3
Nh6 9. Bxh6 gxh6 10. Nb5 Rg8 11. Qd2 Rg6 12. g3 Kf7 13. h4 Kg8 14. h5 Rg7 15.
Nd6 Bxd6 16. exd6 Qxd6 17. Qxh6 Bd7 18. Bd3 Rf8 19. Nh4 Qe7 20. Kd2 a6 21. Rhb1
Bc8 22. Nf3 f4 23. g4 Rf6 24. g5 Rxh6 25. gxh6 Rf7 26. Rg1+ Kh8 27. Rg2 e5 28.
Rag1 Qf8 29. dxe5 Bf5 30. Ng5 Bxd3 31. Nxf7+ Qxf7 32. Rg7 Qe8 33. Kxd3 Nxe5+
34. Ke2 Ng4+ 35. Kd2 Nxf2 36. Rxb7 Ne4+ 37. Kc2 Nc5 38. Ra7 Qe2+ 39. Kb1 Qd3+
40. Kb2 Qd2+ 41. Kb1 Qd3+ 42. Kb2 Na4+ 43. Ka2 Qc2+ 44. Ka3 Qxc3+ 0-1

[Event "Superettan(Orgryte-Schack 08)"]
[Site "?"]
[Date "2020.01.31"]
[Round "4"]
[White "Fransson, Patrick"]
[Black "Wiklund, Johan"]
[Result "1-0"]
[WhiteElo "2150"]
[BlackElo "1941"]
[PlyCount "79"]
[EventDate "2020.??.??"]
1. d4 e6 2. Bf4 Nf6 3. e3 c5 4. c3 d5 5. Nd2 Bd6 6. Bg5 cxd4 7. exd4 O-O 8.
Ngf3 Nbd7 9. Bd3 h6 10. Bh4 Re8 11. O-O Qc7 12. Rc1 Qa5 13. a4 Qd8 14. c4 b6
15. Re1 Bb7 16. Ne5 Be7 17. f4 Rc8 18. Qe2 Nf8 19. Bxf6 Bxf6 20. c5 bxc5 21.
dxc5 Qa5 22. Bb5 Re7 23. Qf2 a6 24. Bf1 Rec7 25. Qd4 Bc6 26. b4 Qxa4 27. Ra1
Qc2 28. Rec1 Qf5 29. Bd3 Qh5 30. Rxa6 Nd7 31. Ndf3 Nxe5 32. fxe5 Be7 33. Ra3
Rb8 34. g4 Qh3 35. Bf1 Qxf1+ 36. Kxf1 Bb5+ 37. Kg2 Bc4 38. Rb1 Rcb7 39. c6 Rc7
40. Ra7 1-0

[Event "Superettan(Kamraterna-Team Pelaro)"]
[Site "?"]
[Date "2020.01.31"]
[Round "4"]
[White "Agrest, Evgenij"]
[Black "Aberg, Anton"]
[Result "1-0"]
[WhiteElo "2583"]
[BlackElo "2342"]
[PlyCount "107"]
[EventDate "2020.??.??"]
1. c4 f5 2. Nf3 Nf6 3. Nc3 e6 4. g3 Be7 5. Bg2 O-O 6. O-O d6 7. b4 e5 8. d3 Qe8
9. a4 Qh5 10. e3 g5 11. Nd2 Qg6 12. f4 gxf4 13. exf4 a5 14. b5 Nbd7 15. Nf3 Ng4
16. Nd5 Bd8 17. Nh4 Qg7 18. h3 Nh6 19. Kh2 c6 20. bxc6 bxc6 21. Ra2 Rb8 22. Nc3
e4 23. Ne2 d5 24. Ba3 Rf7 25. Bd6 Rb2 26. Rxb2 Qxb2 27. dxe4 fxe4 28. Re1 Bxh4
29. cxd5 Nf6 30. Qb1 Qxb1 31. Rxb1 Rb7 32. Rxb7 Bxb7 33. gxh4 cxd5 34. Nd4 Bc8
35. Nb3 Nf5 36. Bc7 Kf7 37. Bxa5 Bd7 38. Nc5 Bc6 39. Bd8 Nd7 40. Nxd7 Bxd7 41.
a5 Bc6 42. Bf1 d4 43. Bc4+ Ke8 44. Bb6 d3 45. a6 d2 46. Be2 Ke7 47. h5 Kd6 48.
h4 Kd5 49. Kg2 e3 50. a7 Ke6+ 51. Kh3 h6 52. Kg4 Be4 53. Bd1 Kd6 54. a8=Q 1-0

[Event "Superettan(Kamraterna-Team Pelaro)"]
[Site "?"]
[Date "2020.01.31"]
[Round "4"]
[White "Hamark, Jesper"]
[Black "Schekachikhin, Maksim"]
[Result "0-1"]
[WhiteElo "2353"]
[BlackElo "2389"]
[PlyCount "162"]
[EventDate "2020.??.??"]
1. c4 c5 2. Nf3 Nf6 3. Nc3 e6 4. e3 Be7 5. d4 cxd4 6. exd4 d5 7. cxd5 Nxd5 8.
Bc4 Nxc3 9. bxc3 Qc7 10. Qe2 O-O 11. O-O Nd7 12. Bd3 Re8 13. h4 Nf8 14. h5 h6
15. Ne5 Bd6 16. c4 b6 17. Rb1 Bb7 18. Rb3 Bxe5 19. dxe5 Nd7 20. Bb1 Qxe5 21.
Re3 Qf6 22. Bb2 Qf4 23. Rd1 Nf6 24. Rg3 Red8 25. Bc1 Rxd1+ 26. Qxd1 Qh4 27.
Bxh6 Ne8 28. Qc2 Kf8 29. Bg5 Qxh5 30. Qd2 f6 31. Be3 Qe5 32. Bg6 Qd6 33. Qe2
Rd8 34. Bxe8 Qd1+ 35. Qxd1 Rxd1+ 36. Kh2 Kxe8 37. Rxg7 Rd7 38. Rxd7 Kxd7 39. c5
b5 40. c6+ Kxc6 41. Bxa7 b4 42. f4 Ba6 43. g4 Kd5 44. Kg3 Bc4 45. Kf3 Bxa2 46.
Ke3 e5 47. fxe5 fxe5 48. Kd2 Bb1 49. Bb8 Bg6 50. Bc7 Kd4 51. Bd6 b3 52. Ba3 Ke4
53. Bb2 Kf4 54. Ke2 e4 55. Bd4 Kxg4 56. Ke3 Kg3 57. Bb2 Kg2 58. Ke2 Bf7 59. Ke3
Bd5 60. Ke2 Bc4+ 61. Ke3 Bd3 62. Bd4 Kf1 63. Kd2 Bc2 64. Bb2 Kf2 65. Bd4+ Kf3
66. Bc5 Bd3 67. Bd4 Bc4 68. Bc5 Bb5 69. Bb6 Ba4 70. Bd4 e3+ 71. Ke1 Ke4 72. Bb2
Kd3 73. Kd1 Bd7 74. Ba3 Bg4+ 75. Kc1 Ke2 76. Bc5 Bf5 77. Bb6 Kf3 78. Bd4 Bc2
79. Bc3 Kf2 80. Bd4 Kf3 81. Bc3 Kg2 0-1

[Event "Superettan(Kamraterna-Team Pelaro)"]
[Site "?"]
[Date "2020.01.31"]
[Round "4"]
[White "Sorensen, Hampus"]
[Black "Svensson, Bengt"]
[Result "1-0"]
[WhiteElo "2384"]
[BlackElo "2314"]
[PlyCount "83"]
[EventDate "2020.??.??"]
1. d4 d5 2. Nf3 Nf6 3. c4 c6 4. Nc3 dxc4 5. e4 b5 6. Be2 b4 7. Na4 Nxe4 8. Bxc4
e6 9. O-O Be7 10. Qe2 Nf6 11. Bg5 O-O 12. Rfd1 Nbd7 13. Rac1 Nb6 14. Bb3 Nxa4
15. Bxa4 Bb7 16. Ne5 Nd5 17. Bxe7 Qxe7 18. Rc5 Nb6 19. Bc2 Rad8 20. Qe4 g6 21.
h4 Nd7 22. Nxd7 Rxd7 23. h5 Qf6 24. Qe5 Qxe5 25. dxe5 Rxd1+ 26. Bxd1 Rd8 27.
Bf3 Rd2 28. h6 Rxb2 29. Bxc6 Bxc6 30. Rxc6 Kf8 31. Rc8+ Ke7 32. Rc7+ Ke8 33.
Rxa7 Re2 34. Ra5 Re1+ 35. Kh2 g5 36. f3 Ra1 37. Ra4 Re1 38. Ra8+ Ke7 39. Rh8
Rxe5 40. Rxh7 Kf6 41. Rg7 g4 42. fxg4 1-0

[Event "Superettan(Kamraterna-Team Pelaro)"]
[Site "?"]
[Date "2020.01.31"]
[Round "4"]
[White "Svenn, Gosta"]
[Black "Winsnes, Rikard"]
[Result "0-1"]
[WhiteElo "2301"]
[BlackElo "2372"]
[PlyCount "76"]
1. c4 Nf6 2. Nf3 c5 3. e3 g6 4. d4 Bg7 5. d5 O-O 6. Nc3 d6 7. Be2 e6 8. O-O
exd5 9. cxd5 Bg4 10. h3 Bxf3 11. Bxf3 Nbd7 12. Be2 Re8 13. Qc2 a6 14. a4 Rc8
15. Bd2 c4 16. a5 Rc5 17. Na4 Rc8 18. Nc3 Rc5 19. Na4 Rc8 20. Rfd1 Ne4 21. Be1
Nec5 22. Nxc5 Rxc5 23. Bb4 Rb5 24. Bxd6 Rxb2 25. Qxc4 Rxe2 26. Rab1 Rb2 27.
Rxb2 Bxb2 28. Bc7 Qf6 29. d6 Qc3 30. Qd5 Qc6 31. Qb3 Be5 32. Qa3 Re6 33. Rc1
Bxd6 34. Bxd6 Qxd6 35. Rc8+ Nf8 36. Qb3 Re5 37. Qc3 Rd5 38. g3 Rd1+ 0-1

[Event "Superettan(Kamraterna-Team Pelaro)"]
[Site "?"]
[Date "2020.01.31"]
[Round "4"]
[White "Andreasson, Ingvar"]
[Black "Svenn, Matti"]
[Result "1/2-1/2"]
[WhiteElo "2327"]
[BlackElo "2183"]
[PlyCount "82"]
[SourceDate "2020.02.17"]
1. c4 d6 2. Nc3 g6 3. g3 Bg7 4. Bg2 Nf6 5. Nf3 O-O 6. O-O Nc6 7. Rb1 Bf5 8. d3
Qc8 9. Re1 Bh3 10. Bh1 h6 11. b4 Nh5 12. Bd2 Kh7 13. b5 Nd8 14. a4 f5 15. a5 a6
16. e3 Qd7 17. Qc2 axb5 18. cxb5 Rxa5 19. Nd5 Rxb5 20. Qxc7 Qxc7 21. Nxc7 Rxb1
22. Rxb1 g5 23. Bg2 Bxg2 24. Kxg2 Kg6 25. Rb5 Bf6 26. h3 Ng7 27. Nd5 Nge6 28.
g4 fxg4 29. hxg4 Nc5 30. d4 Ne4 31. Nc3 Nxc3 32. Bxc3 h5 33. gxh5+ Kxh5 34. Nd2
Kg6 35. Ba5 Nf7 36. Rxb7 Rc8 37. Ne4 Rc2 38. Rb5 Ra2 39. Nc3 Rc2 40. Ne4 Ra2
41. Nc3 Rc2 1/2-1/2

[Event "Superettan(Upsala-Kristallen)"]
[Site "?"]
[Date "2020.01.11"]
[Round "4"]
[White "Lindh, Fredrik"]
[Black "Johansson, Jan"]
[Result "0-1"]
[WhiteElo "2284"]
[BlackElo "2311"]
[PlyCount "77"]
[SourceDate "2020.01.16"]
1. e4 d6 2. d4 Nf6 3. Nc3 e5 4. Nf3 Nbd7 5. Bc4 Be7 6. O-O O-O 7. a4 c6 8. h3
a5 9. Re1 exd4 10. Qxd4 Nc5 11. e5 dxe5 12. Qxd8 Rxd8 13. Nxe5 Be6 14. Be3 Bxc4
15. Nxc4 Nd5 16. Bd2 Bf6 17. Nxd5 cxd5 18. Nb6 Ra6 19. Nxd5 Bxb2 20. Rad1 Re6
21. Bxa5 Rb8 22. Bc7 Ra8 23. Nb6 Rae8 24. Rxe6 Nxe6 25. Bg3 h5 26. Rd7 Nc5 27.
Rd5 Ne4 28. Bf4 Nc3 29. Rxh5 Ne2+ 30. Kh2 Nxf4 31. Rb5 Bd4 32. g3 Ng6 33. Nc4
Re2 34. Rxb7 Rxf2+ 35. Kh1 Rxc2 36. Nd6 Ne5 37. Rb3 Bc3 38. Ne4 Nf3 39. Rb1 0-1

[Event "Superettan(Upsala-Kristallen)"]
[Site "?"]
[Date "2020.01.11"]
[Round "4"]
[White "Nilsson, Joakim"]
[Black "Walinder, Lars"]
[Result "0-1"]
[WhiteElo "2220"]
[BlackElo "2280"]
[PlyCount "128"]
1. d4 Nf6 2. c4 e6 3. g3 d5 4. Nf3 Bb4+ 5. Bd2 Bd6 6. Bg2 c6 7. O-O O-O 8. Nc3
Nbd7 9. Qc2 dxc4 10. e4 e5 11. Rad1 Qe7 12. h3 Re8 13. Be3 exd4 14. Nxd4 Nc5
15. Nde2 Bc7 16. Rd4 Be6 17. Nf4 Bb6 18. Rd2 Rad8 19. Rfd1 Rxd2 20. Rxd2 Bc8
21. Re2 Nfd7 22. Nb1 Ne5 23. Nd2 Ncd3 24. Nxc4 Nxc4 25. Qxc4 Bxe3 26. Rxe3 Nxf4
27. gxf4 Be6 28. Qc3 Rd8 29. Rg3 g6 30. f5 Bxa2 31. e5 Bd5 32. e6 Bxg2 33. Kxg2
Rd5 34. Qf3 Qf6 35. fxg6 Qxf3+ 36. Rxf3 Rg5+ 37. Kf1 fxe6 38. gxh7+ Kxh7 39.
Rf7+ Rg7 40. Rf6 Re7 41. Ke2 Kg7 42. Rf3 c5 43. Ke3 Rd7 44. Ke4 Rd2 45. b3 Re2+
46. Kd3 Re1 47. Kc4 b6 48. Kb5 Ra1 49. Kc6 Ra2 50. Kd6 Re2 51. Rg3+ Kf7 52.
Rf3+ Kg6 53. Rf8 e5 54. Rg8+ Kf5 55. Ra8 Rb2 56. Rxa7 Rxb3 57. Rf7+ Ke4 58. h4
c4 59. h5 Rh3 60. Rc7 Kd4 61. Ke6 Rxh5 62. Rd7+ Kc3 63. Rb7 e4 64. Rg7 b5 0-1

[Event "Superettan(Upsala-Kristallen)"]
[Site "?"]
[Date "2020.01.11"]
[Round "4"]
[White "Andersson, Goran L"]
[Black "Burwick, Malte"]
[Result "1-0"]
[WhiteElo "2269"]
[BlackElo "2254"]
[PlyCount "109"]
[SourceDate "2020.01.16"]
1. d4 Nf6 2. c4 g6 3. Nc3 Bg7 4. e4 d6 5. f3 O-O 6. Bg5 c6 7. Qd2 a6 8. O-O-O
Qa5 9. h4 Re8 10. g4 Nbd7 11. h5 e5 12. d5 cxd5 13. cxd5 b5 14. Kb1 Nc5 15.
hxg6 fxg6 16. Rc1 Ra7 17. Nge2 Rf7 18. Ng3 Bd7 19. Be2 Rb8 20. Bh6 Bxh6 21.
Rxh6 Qd8 22. Rch1 Ne8 23. Bd1 Qe7 24. Qh2 Rg7 25. g5 Rb7 26. Nce2 b4 27. f4
exf4 28. Nxf4 Bb5 29. Bg4 Qxg5 30. Be6+ Kf8 31. Qf2 Ke7 32. e5 Nd3 33. exd6+
Nxd6 34. Nxd3 Bxd3+ 35. Ka1 Rc7 36. Qe1 Kd8 37. R6h4 a5 38. Rd4 Bf5 39. Nxf5
gxf5 40. a3 bxa3 41. bxa3 Qf6 42. Qh4 Rg5 43. Ka2 Ne4 44. Rxe4 fxe4 45. Qxe4
Rb7 46. Qc2 Rc7 47. Qd2 Qg6 48. Rh2 a4 49. Qb2 Rc4 50. Qh8+ Ke7 51. Rxh7+ Kd6
52. Qb8+ Kc5 53. Qa7+ Kd6 54. Qe7+ Ke5 55. Bd7+ 1-0

[Event "Superettan(Upsala-Kristallen)"]
[Site "?"]
[Date "2020.01.11"]
[Round "4"]
[White "Wagner, Stephan"]
[Black "Naslund, Mikael"]
[Result "1-0"]
[WhiteElo "2185"]
[BlackElo "2148"]
[PlyCount "79"]
1. c4 e6 2. Nc3 d5 3. e3 Nf6 4. Nf3 c5 5. d4 Nc6 6. dxc5 Bxc5 7. a3 O-O 8. b4
Bb6 9. Bb2 a6 10. Qb3 dxc4 11. Bxc4 Bd7 12. O-O Qe7 13. Rfd1 Rfd8 14. Ne2 h6
15. Nf4 Be8 16. Nd3 Rac8 17. Nde5 Rxd1+ 18. Rxd1 Rd8 19. Bd3 Bc7 20. Bb1 Rxd1+
21. Qxd1 Nxe5 22. Nxe5 Nd7 23. Qc2 Nf8 24. Bd4 f6 25. Bc5 Qd8 26. Nf3 Bg6 27.
Qb3 Bxb1 28. Qxb1 Qd5 29. Qc2 Nd7 30. e4 Qh5 31. Be3 Bd8 32. Qc8 Qe8 33. Qxb7
a5 34. Qc8 axb4 35. axb4 Kf7 36. b5 Nb6 37. Bxb6 Qxb5 38. Be3 Bb6 39. Qb7+ Kg8
40. Qxb6 1-0

[Event "Superettan(Upsala-Kristallen)"]
[Site "?"]
[Date "2020.01.11"]
[Round "4"]
[White "Persson, Andreas"]
[Black "Malm Lindberg, Henrik"]
[Result "0-1"]
[WhiteElo "2129"]
[BlackElo "2186"]
[PlyCount "128"]
1. d4 Nf6 2. Nf3 e6 3. g3 d5 4. Bg2 Be7 5. O-O O-O 6. c4 dxc4 7. Qc2 a6 8. a4
Bd7 9. Qxc4 Bc6 10. Bg5 Nbd7 11. Nc3 h6 12. Bxf6 Nxf6 13. Rfe1 Bxf3 14. Bxf3 c6
15. a5 Rc8 16. e4 e5 17. dxe5 Nd7 18. Qb3 Nc5 19. Qa2 Qd4 20. Rad1 Qxe5 21. Bg4
Rcd8 22. f4 Qc7 23. Be2 Ne6 24. Bc4 Nd4 25. Rd3 Bb4 26. Red1 Bxa5 27. Kg2 Bb6
28. e5 Qe7 29. Ne4 Nf5 30. Rxd8 Rxd8 31. Rxd8+ Bxd8 32. Qb3 b5 33. Bd3 c5 34.
Bb1 c4 35. Qc3 Bb6 36. Nf6+ gxf6 37. Bxf5 fxe5 38. fxe5 Qc5 39. Kh3 Bc7 40. Qf3
Qxe5 41. Be4 Kg7 42. Bd5 f5 43. Bb7 Qe6 44. Bd5 Qe5 45. Bb7 Qe6 46. Bd5 Qf6 47.
Bb7 Be5 48. Bc8 Bxb2 49. Bxf5 Be5 50. Qg4+ Kf8 51. Be4 Ke7 52. Bd5 Kd6 53. Qg8
Kc5 54. Be4 a5 55. Qd5+ Kb4 56. Qb7 Qd6 57. Bc6 Qc5 58. Qd7 a4 59. Be4 Qd4 60.
Qe7+ Kb3 61. Qb7 b4 62. Bc6 a3 63. Qb5 Qc3 64. Qa4+ Kb2 0-1

[Event "Superettan(Upsala-Kristallen)"]
[Site "?"]
[Date "2020.01.11"]
[Round "4"]
[White "Marttala, Thomas"]
[Black "Hesselborn, Per Ove"]
[Result "1-0"]
[WhiteElo "2143"]
[BlackElo "2101"]
[PlyCount "49"]
1. Nf3 g6 2. e4 Bg7 3. d4 d6 4. Nc3 Nf6 5. Be2 O-O 6. Bg5 h6 7. Bh4 c6 8. O-O
Qc7 9. e5 Nd5 10. exd6 Qxd6 11. Ne4 Qd8 12. c4 Nf4 13. Nc3 Bg4 14. Re1 Nd7 15.
Bf1 Nf6 16. h3 Bxf3 17. Qxf3 g5 18. Rad1 e6 19. Bg3 Ng6 20. Bd3 Ne7 21. Be5 Nd7
22. Bxg7 Kxg7 23. Bb1 Nf6 24. g3 Qd6 25. Qxf6+ 1-0

[Event "Superettan(Upsala-Kristallen)"]
[Site "?"]
[Date "2020.01.11"]
[Round "4"]
[White "Gamback, Bjorn"]
[Black "Sittenfeld, Johan"]
[Result "1-0"]
[WhiteElo "2122"]
[BlackElo "2135"]
[PlyCount "67"]
1. e4 e5 2. Nf3 Nc6 3. Bc4 Nf6 4. d4 exd4 5. e5 d5 6. Bb5 Nd7 7. O-O Be7 8. Re1
O-O 9. Bxc6 bxc6 10. Nxd4 Nb8 11. Qf3 a5 12. Nc3 Ra6 13. Bd2 Qd7 14. a4 c5 15.
Nb3 Bb7 16. Rad1 Ba8 17. Qe2 Qf5 18. Bc1 d4 19. Ne4 Rg6 20. Ng3 Qd7 21. f4 Qxa4
22. f5 Rxg3 23. hxg3 Bd5 24. f6 gxf6 25. Bh6 f5 26. Bxf8 Bxf8 27. g4 f4 28. Ra1
Qb4 29. Qd2 Qb7 30. Nxa5 Qc8 31. Qxf4 Na6 32. e6 Bxe6 33. Nc6 Qd7 34. Rxa6 1-0

[Event "Superettan(Upsala-Kristallen)"]
[Site "?"]
[Date "2020.01.11"]
[Round "4"]
[White "Svensson, Mans"]
[Black "Hedstrom, Johan"]
[Result "1/2-1/2"]
[WhiteElo "2130"]
[BlackElo "2060"]
[PlyCount "64"]
1. d4 f5 2. g3 Nf6 3. Bg2 g6 4. b3 Bg7 5. Bb2 O-O 6. Nf3 d6 7. Nbd2 Nh5 8. O-O
Nc6 9. Nc4 e6 10. a4 Qe8 11. Ne1 e5 12. Bd5+ Kh8 13. Bxc6 bxc6 14. dxe5 d5 15.
Na5 f4 16. Ng2 fxg3 17. hxg3 Qe6 18. Qd2 Ba6 19. Rae1 c5 20. Ba3 Bxe5 21. Bxc5
Rf7 22. Bd4 Re8 23. Bxe5+ Qxe5 24. Nc6 Qd6 25. Nd4 Kg8 26. Qa5 Rfe7 27. Nb5 Qb6
28. Qxb6 axb6 29. Rc1 c6 30. Nd4 c5 31. Nb5 Bxb5 32. axb5 Rxe2 1/2-1/2